El Valle de Arán : periódico escolar : redactado y tirado por los niños de las escuelas aranesas periódico escolar : redactado y tirado por los niños de las escuelas aranesas
Descripción Física:
volums : periodicitat mensual ; 25 cm
Materias:
Vall d'Aran -- Revistes
Idioma:
Español
MARC
| LEADER | 00000nas a2200000 a 4500 | ||
|---|---|---|---|
| 001 | 29016 | ||
| 003 | AGDB | ||
| 005 | 20260324180157.0 | ||
| 008 | 160829s1930 xx 000 0 cat d | ||
| 008 | 160829s9999 xx 000 0 cat d | ||
| 041 | |a spa | ||
| 245 | |a El Valle de Arán : |b periódico escolar : redactado y tirado por los niños de las escuelas aranesas | ||
| 260 | |a Lés : |b Alejandro Rodríguez, |c 1930 | ||
| 300 | |a volums : |b periodicitat mensual ; |c 25 cm | ||
| 362 | |a Año I, núm. 1 (enero 1930)- | ||
| 590 | |a Descripció basada en: Año 1, no. 1 (enero 1930). | ||
| 590 | |a Prové de 3881. | ||
| 650 | |a Vall d'Aran |x Revistes |9 48599 | ||
| 856 | 4 | 0 | |u https://ddd.uab.cat/record/170957 |y Accés lliure (Dipòsit Digital UAB) |
| 866 | |a 1930 (1) | ||
| 901 | |a Arxiu | ||
| 942 | |n 1 |2 udc |c ARXIU | ||
| 952 | |0 0 |1 0 |2 udc |4 0 |6 REV2391 |7 1 |9 54688 |a Arxiu |b Arxiu |d 2016-12-01 |h Núm. 1 (1930) |l 0 |o Rev-2391 |p 29016 |r 2016-12-01 00:00:00 |w 2016-12-01 |y ARXIU | ||
| 999 | |c 58557 |d 58557 | ||